000 00353nam a2200133Ia 4500
005 20260328104316.0
008 260328s9999||||xx |||||||||||||| ||und||
100 _aFilgueiras Lima, João
245 0 _aCTRS :
_b Centro de tecnologia da rede Sarah /
_cJoão Filgueiras Lima
260 _bCtrs
300 _a65 p.
650 _aARQUITECTOS
942 _cBK
999 _c11145
_d11145